| 000 | 01650 a2200229 4500 | ||
|---|---|---|---|
| 001 | 29698 | ||
| 005 | 20260407155607.0 | ||
| 008 | 260407a2008 arg spa d | ||
| 003 | AR-UNSa-BCEJYS | ||
| 040 |
_aAR-UNSa-BCEJYS _bspa _cAR-UNSa-BCEJYS |
||
| 080 |
_a929:34 _xBiografía de Abogados |
||
| 245 | 1 | 0 |
_aFrancisco Manuel de Herrera, fiscal de la Audencia de Buenos Aires (1789-1799) _pderecho, asuntos indígenas, religión, administración, economía |
| 020 | _a978-950-29-1095-6 | ||
| 264 | 1 |
_aBuenos Aires : _bUniversidad de Buenos Aires. Facultad de Derecho. Departamento de Publicaciones _c2008 |
|
| 300 |
_a313 p. _c22 cm. |
||
| 505 | _aPrimera parte:Vida y pensamiento de Francisco Manuel de Herrera: 1. Nacimiento, familia y educación - 2. Nombramiento como fiscal del crimen en Buenos Aires - 3. Incorporación ala audiencia de Buenos Aires.Trabajos - 4. Personalidad.Relación con autoridades - 5. Sus observaciones y comentarios sobre otros personajes y hechos - 6. Fiscal de la audiencia de Santiago de chile - 7. Fiscal del crimen de la audiencia de Lima.Promoción a la regencia del tribunal de santafé de bogotá - 8. Ejercicio de la regencia bogotana - 9. Padecimiento y muerte - 10. La biblioteca - 11. Carácter.Creencias.Doctrina - 12. Colofón--Segunda parte:En CD: 1. Criminales contra José Roldán por haber herido a josé Ayala. | ||
| 041 | _aspa | ||
| 942 | _cBK | ||
| 590 | _aniveau_biblio:m niveau_hierar:0 | ||
| 100 | 1 | _aLevaggi, Abelardo | |
| 856 | 4 | 1 |
_uhttps://biblioeco.unsa.edu.ar/pmb/images/libros/Francisco Manuel de Herrera, fiscal de la Audencia de Buenos Aires -l117751.jpg _yImagen de portada _qimage/jpeg |
| 999 |
_c1941 _d1941 |
||